00525nam a2200157 a 4500001001000000003000400010005001700014008004100031040002500072082001600097110009900113245002500212260006700237300002700304504003600331000017700OSt20201202105304.0100330s1980 dr a 000 0 spa d aDO-SdBNPbspacBNPHU bA598p, 19801 aRepublica Dominicana.bSecretaría de Estado de Agricultura.bDepartamento de Vida Silvestre.10aAnimales protegidos. aSanto Domingo :bSecretaría de Estado de Agricultura,c1980. a93 p. :bil. ;c21 cm. aIncluye bibliografías [p. 93]